000 00594nam a2200205Ia 4500
005 20250923145213.0
008 008 250917s9999 xx 000 0 eng d
037 _aTextual
040 _aDSWL
_beng
_cDSWL
041 _aeng
_2eng
084 _aX.97D.56124'N14<-M70, N69
_qDSWL
100 _aLovell, John
_9832853
245 0 _aStevedores and dockers
_cby John Lovell
260 _aLondon
_bMacmillan & Co.
_c1969
300 _a112p.
365 _aINR
_b90
925 _g90
942 _cTEXL
_hX.97D.56124'N14<-M70, N69
999 _c1448415
_d1448415